Očakávané zmeny v penzijnom systéme po voľbách 2012 a miera ich naplnenia

Problematika dôchodkového poistenia. Charakteristika plánovaných zmien v penzijnom systéme predkladanými nemenovanými politickými stranami v predvolebnom období v roku 2012. Zrealizované zmeny a ich dopad na poistenca.

Guardado en:
Detalles Bibliográficos
Autor principal: Simonka, Zsolt, 1974-
Formato: Capítulo de libro
Lenguaje:eslovaco
Materias:
Etiquetas: Agregar Etiqueta
Sin Etiquetas, Sea el primero en etiquetar este registro!

MARC

LEADER 00000nla a2200000 4500
001 0222849
005 20240502073639.7
041 0 |a slo 
044 |a SK 
245 1 0 |a Očakávané zmeny v penzijnom systéme po voľbách 2012 a miera ich naplnenia  |c Zsolt Simonka 
520 |a Problematika dôchodkového poistenia. Charakteristika plánovaných zmien v penzijnom systéme predkladanými nemenovanými politickými stranami v predvolebnom období v roku 2012. Zrealizované zmeny a ich dopad na poistenca. 
610 2 0 |a poistenie dôchodkové 
610 2 0 |a zabezpečenie sociálne 
610 2 0 |a systémy dôchodkové 
610 2 0 |a dávky zabezpečenia dôchodkového 
610 2 0 |a reformy dôchodkové 
610 2 0 |a poistenci 
100 1 |a Simonka, Zsolt, 1974-